[Event "Budapest FS06 FM-A"]
[Site "Budapest"]
[Date "2013.06.10"]
[Round "10"]
[White "Montolio Benedicto, Cesar"]
[Black "Jelic, Neven"]
[Result "1/2-1/2"]
[WhiteElo "1972"]
[BlackElo "2091"]
[PlyCount "37"]
[EventDate "2013.06.01"]
[EventType "tourn"]
[EventRounds "11"]
[EventCountry "HUN"]
[SourceTitle "CBM 154 Extra"]
[Source "ChessBase"]
[SourceDate "2013.06.25"]
[SourceVersion "2"]
[SourceVersionDate "2013.06.25"]
[SourceQuality "1"]

1. e4 c6 2. d4 d5 3. Nc3 dxe4 4. Nxe4 Nf6 5. Nxf6+ exf6 6. c3 Bd6 7. Bd3 Be6 8. Ne2 Qc7 9. Be3 Nd7 10. Qd2 Nb6 11. Nf4 Bc4 12. b3 Bxd3 13. Nxd3 Nd5 14. h3 0-0 15. 0-0 Rfe8 16. Rfe1 Re6 17. c4 Nxe3 18. Rxe3 Rae8 19. Rae1 1/2-1/2

[Event "Budapest FS06 FM-A"]
[Site "Budapest"]
[Date "2013.06.07"]
[Round "7"]
[White "Jelic, Neven"]
[Black "Farkas, Richard"]
[Result "1/2-1/2"]
[WhiteElo "2091"]
[BlackElo "2198"]
[PlyCount "33"]
[EventDate "2013.06.01"]
[EventType "tourn"]
[EventRounds "11"]
[EventCountry "HUN"]
[SourceTitle "CBM 154 Extra"]
[Source "ChessBase"]
[SourceDate "2013.06.25"]
[SourceVersion "2"]
[SourceVersionDate "2013.06.25"]
[SourceQuality "1"]

1. d4 Nf6 2. Nf3 c5 3. d5 e6 4. c4 exd5 5. cxd5 d6 6. Nc3 g6 7. e4 Bg7 8. Bd3 0-0 9. h3 Re8 10. 0-0 a6 11. a4 Qc7 12. Re1 Nbd7 13. a5 Rb8 14. Bf4 Nh5 15. Bh2 Ne5 16. Be2 Nd7 17. Nd2 1/2-1/2

[Event "Budapest FS06 FM-A"]
[Site "Budapest"]
[Date "2013.06.06"]
[Round "6"]
[White "Reh, Philipp"]
[Black "Jelic, Neven"]
[Result "1/2-1/2"]
[WhiteElo "2068"]
[BlackElo "2091"]
[PlyCount "25"]
[EventDate "2013.06.01"]
[EventType "tourn"]
[EventRounds "11"]
[EventCountry "HUN"]
[SourceTitle "CBM 154 Extra"]
[Source "ChessBase"]
[SourceDate "2013.06.25"]
[SourceVersion "2"]
[SourceVersionDate "2013.06.25"]
[SourceQuality "1"]

1. d4 Nf6 2. Nf3 c5 3. e3 e6 4. Bd3 d5 5. b3 Be7 6. Bb2 Nc6 7. a3 cxd4 8. exd4 0-0 9. Nbd2 Bd7 10. Ne5 Qb6 11. Ndf3 Rfd8 12. Qe2 Rac8 13. 0-0 1/2-1/2

[Event "Budapest FS06 FM-A"]
[Site "Budapest"]
[Date "2013.06.04"]
[Round "4"]
[White "Szakacs, Aron"]
[Black "Jelic, Neven"]
[Result "0-1"]
[WhiteElo "1875"]
[BlackElo "2091"]
[PlyCount "58"]
[EventDate "2013.06.01"]
[EventType "tourn"]
[EventRounds "11"]
[EventCountry "HUN"]
[SourceTitle "CBM 154 Extra"]
[Source "ChessBase"]
[SourceDate "2013.06.25"]
[SourceVersion "2"]
[SourceVersionDate "2013.06.25"]
[SourceQuality "1"]

1. e4 c6 2. d4 d5 3. Nc3 dxe4 4. Nxe4 Nf6 5. Nxf6+ exf6 6. Bc4 Bd6 7. Qh5 Qe7+ 8. Ne2 Be6 9. Bd3 Bd5 10. Be3 Nd7 11. 0-0 Be4 12. Bxe4 Qxe4 13. Rfe1 0-0 14. c4 Bb4 15. Red1 Rfe8 16. Qh3 Nf8 17. Ng3 Qg6 18. d5 cxd5 19. cxd5 Bd6 20. Nf5 Rad8 21. Rd4 h5 22. Rh4 Nh7 23. Rxh5 Be5 24. Rd1 Bxb2 25. d6 Re5 26. Ne7+ Rxe7 27. Bxa7 Red7 28. Bb6 Rxd6 29. Rxd6 Qb1+ 0-1

[Event "Budapest FS06 FM-A"]
[Site "Budapest"]
[Date "2013.06.01"]
[Round "1"]
[White "Juracsik, Jozsef"]
[Black "Jelic, Neven"]
[Result "0-1"]
[WhiteElo "2155"]
[BlackElo "2091"]
[PlyCount "87"]
[EventDate "2013.06.01"]
[EventType "tourn"]
[EventRounds "11"]
[EventCountry "HUN"]
[SourceTitle "CBM 154 Extra"]
[Source "ChessBase"]
[SourceDate "2013.06.25"]
[SourceVersion "2"]
[SourceVersionDate "2013.06.25"]
[SourceQuality "1"]

1. e4 c6 2. d4 d5 3. e5 Bf5 4. g4 Bc8 5. Bg2 h5 6. f3 e6 7. g5 g6 8. Ne2 h4 9. Bh3 Be7 10. Rg1 c5 11. c3 Rh5 12. f4 cxd4 13. Nxd4 Nc6 14. Be3 Qb6 15. b4 Nxd4 16. Bxd4 Qc6 17. Nd2 Bd8 18. a4 Bb6 19. Nf3 Bxd4 20. Qxd4 Bd7 21. b5 Qc4 22. Qxc4 dxc4 23. Nd4 Ne7 24. Bg2 0-0-0 25. Be4 Kb8 26. a5 Rc8 27. Kf2 Rc5 28. Rgb1 Rh8 29. Rb4 Rhc8 30. a6 b6 31. Kf3 R5c7 32. Kg4 Rh8 33. Raa4 Nd5 34. Bxd5 exd5+ 35. Kf3 Bf5 36. Nxf5 gxf5 37. Ke3 h3 38. Ra1 Kc8 39. Rg1 Kd7 40. g6 Ke6 41. Rbb1 f6 42. g7 Rg8 43. Rg6 Rcxg7 44. Rbg1 0-1

[Event "CRO-chT3B Center North"]
[Site "Croatia"]
[Date "2013.04.21"]
[Round "2.2"]
[White "Hajec, Bozidar"]
[Black "Jelic, Neven"]
[Result "1/2-1/2"]
[WhiteElo "1772"]
[BlackElo "2095"]
[PlyCount "99"]
[EventDate "2013.04.14"]
[EventType "team-tourn"]
[EventRounds "9"]
[EventCountry "CRO"]
[SourceTitle "EXT 2019"]
[Source "ChessBase"]
[SourceDate "2018.10.10"]
[SourceVersion "1"]
[SourceVersionDate "2018.10.10"]
[SourceQuality "1"]

1. e4 c5 2. Nf3 Nc6 3. d4 cxd4 4. Nxd4 Nf6 5. Nc3 e5 6. Ndb5 d6 7. Bg5 a6 8. Na3 b5 9. Bxf6 gxf6 10. Nd5 Bg7 11. c3 Ne7 12. Nc2 f5 13. Nxe7 Qxe7 14. Qd3 fxe4 15. Qxe4 Bb7 16. Qb4 0-0 17. 0-0-0 Qg5+ 18. Ne3 d5 19. Qg4 Qxg4 20. Nxg4 f5 21. Ne3 d4 22. Nc2 dxc3 23. bxc3 Rac8 24. Kb2 Be4 25. Nb4 a5 26. Nd5 Bxd5 27. Rxd5 e4 28. Bxb5 Bxc3+ 29. Kb1 f4 30. Rg5+ Kh8 31. Rd1 Rfd8 32. Rgd5 Rxd5 33. Rxd5 Rc7 34. Rd8+ Kg7 35. Re8 Rc5 36. a4 Re5 37. Rxe5 Bxe5 38. Bc6 e3 39. fxe3 fxe3 40. Bf3 Bxh2 41. Kc2 Kf6 42. Kd3 Bg1 43. Ke2 Ke5 44. Bc6 Kf4 45. Bd5 Bf2 46. Bc6 h5 47. Bd5 h4 48. Bc6 Ke5 49. Bb5 Kd5 50. Bd7 1/2-1/2

[Event "CRO-chT3B Center North"]
[Site "Croatia"]
[Date "2012.04.21"]
[Round "2.32"]
[White "Sardi, Darko"]
[Black "Jelic, Neven"]
[Result "0-1"]
[WhiteElo "1974"]
[BlackElo "2099"]
[PlyCount "106"]
[EventDate "2012.04.14"]
[EventType "team-tourn"]
[EventRounds "9"]
[EventCountry "CRO"]
[SourceTitle "EXT 2013"]
[Source "ChessBase"]
[SourceDate "2012.11.22"]
[SourceVersion "1"]
[SourceVersionDate "2012.11.22"]
[SourceQuality "1"]

1. e4 c5 2. d4 cxd4 3. c3 Nf6 4. e5 Nd5 5. cxd4 d6 6. Nf3 Nc6 7. Bc4 Nb6 8. Bd3 Bg4 9. Be2 dxe5 10. 0-0 exd4 11. Nxd4 Bxe2 12. Nxe2 Qxd1 13. Rxd1 e6 14. Nbc3 Be7 15. Bf4 0-0 16. Bc7 Bd8 17. Bd6 Re8 18. g3 Rc8 19. Ne4 Be7 20. Rac1 Rcd8 21. Bc7 Rxd1+ 22. Rxd1 Nd5 23. Bd6 Rd8 24. Bxe7 Ndxe7 25. Rc1 h6 26. N2c3 b6 27. Nb5 Nd4 28. Nxd4 Rxd4 29. Rc7 Nd5 30. Rc8+ Kh7 31. Nd6 Rd1+ 32. Kg2 Nf4+ 33. Kf3 Rxd6 34. gxf4 Kg6 35. Ke3 Rd5 36. Rc7 Ra5 37. a3 Kf6 38. h4 a6 39. Ra7 Rb5 40. b4 a5 41. bxa5 bxa5 42. a4 Rc5 43. f3 h5 44. Kd4 Rd5+ 45. Kc4 Rf5 46. Kd3 Rxf4 47. Rxa5 Rxf3+ 48. Ke4 Ra3 49. Ra7 Rh3 50. a5 Rxh4+ 51. Kf3 Ra4 52. a6 g5 53. Ra8 Ke5 0-1

[Event "CRO-chT3B Center North"]
[Site "Cakovec"]
[Date "2010.10.02"]
[Round "6.55"]
[White "Ziskovic, Nikola"]
[Black "Jelic, Neven"]
[Result "0-1"]
[WhiteElo "1892"]
[BlackElo "2058"]
[PlyCount "112"]
[EventDate "2010.03.27"]
[EventType "team-tourn"]
[EventRounds "9"]
[EventCountry "CRO"]
[SourceTitle "EXT 2012"]
[Source "ChessBase"]
[SourceDate "2011.11.24"]
[SourceVersion "1"]
[SourceVersionDate "2011.11.24"]
[SourceQuality "1"]

1. e4 c5 2. Nf3 Nc6 3. d4 cxd4 4. Nxd4 Nf6 5. Nc3 e5 6. Nxc6 bxc6 7. Bc4 Bb4 8. Qf3 0-0 9. 0-0 Qa5 10. Bg5 Be7 11. h3 h6 12. Bh4 Rb8 13. Bb3 d6 14. Rad1 Qc7 15. Rd2 Be6 16. Rfd1 Rfd8 17. Qe2 g5 18. Bg3 Qc8 19. Bxe6 Qxe6 20. b3 Rd7 21. a4 Bd8 22. Rd3 Ba5 23. Nb1 Rbd8 24. c4 Bb4 25. Nd2 Bxd2 26. R1xd2 c5 27. Qe3 Kf8 28. f3 Nh5 29. Qe1 Ke7 30. Bh2 Qf6 31. g3 Ng7 32. Rf2 Ne6 33. f4 gxf4 34. gxf4 exf4 35. Bxf4 Nxf4 36. Rdf3 Qg6+ 37. Kh1 Ne6 38. Rxf7+ Qxf7 39. Rxf7+ Kxf7 40. Qf2+ Kg7 41. Qf5 Nf8 42. Qg4+ Ng6 43. Qe6 Re7 44. Qd5 Rdd7 45. a5 Ne5 46. a6 Kh7 47. h4 Rg7 48. b4 Nf3 49. Qf5+ Kg8 50. Qxf3 Rdf7 51. Qd3 Rf4 52. Qd5+ Kh7 53. Qh5 cxb4 54. Kh2 b3 55. Kh3 Rf1 56. Kh2 b2 0-1

[Event "IECG CA.2006.0.00181 email"]
[Site "IECG email"]
[Date "2006.12.24"]
[Round "?"]
[White "Jelic, Neven"]
[Black "Edel, Thomas"]
[Result "1/2-1/2"]
[WhiteElo "2078"]
[BlackElo "2018"]
[PlyCount "25"]
[EventDate "2006.12.24"]
[EventType "tourn (corr)"]
[EventRounds "6"]
[SourceTitle "Corr 2024"]
[Source "ChessBase"]
[SourceDate "2023.10.19"]
[SourceVersion "1"]
[SourceVersionDate "2023.10.19"]
[SourceQuality "1"]

1. Nf3 d6 2. d4 Nf6 3. c4 Nbd7 4. Nc3 c6 5. Bf4 Qa5 6. a3 e5 7. Bg3 Ne4 8. b4 Nxc3 9. Qc2 Qb6 10. Qxc3 a5 11. b5 cxb5 12. cxb5 e4 13. Nd2 1/2-1/2

[Event "Cvitanovic Memorial-B 10th"]
[Site "Split"]
[Date "2005.05.07"]
[Round "9"]
[White "Jelic, Neven"]
[Black "Bradaric, Ratomir"]
[Result "1/2-1/2"]
[WhiteElo "2103"]
[BlackElo "2153"]
[PlyCount "118"]
[EventDate "2005.04.27"]
[EventType "swiss"]
[EventRounds "9"]
[EventCountry "CRO"]
[SourceTitle "EXT 2006"]
[Source "ChessBase"]
[SourceDate "2005.11.24"]
[SourceVersion "1"]
[SourceVersionDate "2005.11.24"]
[SourceQuality "1"]

1. Nf3 Nc6 2. c4 e5 3. Nc3 a6 4. a3 d6 5. g3 Nf6 6. d3 Be7 7. Bg2 Bg4 8. h3 Bd7 9. 0-0 0-0 10. e3 Be6 11. Ng5 Qd7 12. Nxe6 fxe6 13. b4 Rab8 14. Bb2 Nd8 15. f4 Nf7 16. d4 exd4 17. exd4 c6 18. Re1 Rfe8 19. Qf3 Bd8 20. Kh2 Bc7 21. Re2 d5 22. cxd5 exd5 23. Rae1 Rxe2 24. Rxe2 g5 25. Bc1 g4 26. hxg4 Nxg4+ 27. Kg1 Bb6 28. Qd3 Re8 29. Bf3 Nd6 30. Kg2 Nf6 31. Na4 Ba7 32. Nc5 Qf7 33. Re5 Bxc5 34. dxc5 Nde4 35. Bb2 Rxe5 36. fxe5 Qg6 37. Be2 Nd7 38. Qf3 Nf8 39. Bd3 Ne6 40. Bxe4 dxe4 41. Qe3 Qg4 42. Bc1 Qf5 43. Qc3 h5 44. Bd2 Qg4 45. Qe3 h4 46. Kf2 Qxg3+ 47. Qxg3+ hxg3+ 48. Kxg3 Kf7 49. Kg4 Nd4 50. Kf4 Nc2 51. Kxe4 Nxa3 52. Kf5 Nb5 53. e6+ Ke8 54. Ke5 Nc7 55. Be1 Ke7 56. Bh4+ Ke8 57. Be1 Ke7 58. Bh4+ Ke8 59. Be1 Ke7 1/2-1/2

[Event "Cvitanovic Memorial-B 10th"]
[Site "Split"]
[Date "2005.04.30"]
[Round "3"]
[White "Jelic, Neven"]
[Black "Horvat, Sasa"]
[Result "0-1"]
[WhiteElo "2103"]
[BlackElo "2153"]
[PlyCount "100"]
[EventDate "2005.04.27"]
[EventType "swiss"]
[EventRounds "9"]
[EventCountry "CRO"]
[SourceTitle "EXT 2006"]
[Source "ChessBase"]
[SourceDate "2005.11.24"]
[SourceVersion "1"]
[SourceVersionDate "2005.11.24"]
[SourceQuality "1"]

1. Nf3 Nf6 2. g3 g6 3. Bg2 Bg7 4. 0-0 0-0 5. d3 d6 6. Nbd2 c5 7. e4 Nc6 8. c3 e5 9. a3 d5 10. exd5 Nxd5 11. Nc4 h6 12. Re1 Re8 13. Qc2 b5 14. Ne3 Nxe3 15. Bxe3 Bf5 16. Bxc5 Bxd3 17. Qd1 Rc8 18. Nd4 exd4 19. Qxd3 dxc3 20. Rxe8+ Qxe8 21. bxc3 Ne5 22. Qe3 Qd7 23. Bd4 Nc4 24. Qe4 Nd2 25. Qe3 Nc4 26. Qf4 Re8 27. Bxg7 Kxg7 28. a4 a6 29. axb5 axb5 30. Bf1 Ne5 31. Bg2 h5 32. Rb1 Qd3 33. Qb4 h4 34. Qxb5 Nf3+ 35. Bxf3 Qxf3 36. Qb7 Re1+ 37. Rxe1 Qxb7 38. gxh4 Qf3 39. Re3 Qd1+ 40. Kg2 Qg4+ 41. Kf1 Qxh4 42. h3 f5 43. Ke2 g5 44. Rg3 Kf6 45. Rd3 Qc4 46. Kd2 Qa2+ 47. Ke3 f4+ 48. Kf3 Qe6 49. h4 g4+ 50. Kxf4 Qe5+ 0-1

[Event "Cvitanovic Memorial-B 10th"]
[Site "Split"]
[Date "2005.04.29"]
[Round "2"]
[White "Brulic, Denis"]
[Black "Jelic, Neven"]
[Result "0-1"]
[WhiteElo "2222"]
[BlackElo "2103"]
[PlyCount "80"]
[EventDate "2005.04.27"]
[EventType "swiss"]
[EventRounds "9"]
[EventCountry "CRO"]
[SourceTitle "EXT 2006"]
[Source "ChessBase"]
[SourceDate "2005.11.24"]
[SourceVersion "1"]
[SourceVersionDate "2005.11.24"]
[SourceQuality "1"]

1. d4 Nf6 2. g3 g6 3. Bg2 Bg7 4. e4 d6 5. Nc3 0-0 6. Nge2 c6 7. 0-0 e5 8. h3 Na6 9. Be3 Qe7 10. Re1 Nd7 11. g4 Nb6 12. Ng3 Nc4 13. dxe5 dxe5 14. Bc1 Be6 15. b3 Qb4 16. Qf3 Na3 17. Re2 Nb5 18. Nxb5 cxb5 19. c3 Qc5 20. a4 Rfd8 21. axb5 Qxb5 22. c4 Rd1+ 23. Nf1 Qd7 24. Rd2 Rxd2 25. Bxd2 Qd4 26. Bc3 Qb6 27. Ba5 Qc5 28. Ne3 Nb4 29. Ra4 Nc6 30. Bc3 Nd4 31. Qd1 b5 32. Ra5 Qc7 33. Nd5 Bxd5 34. exd5 Rb8 35. Ra6 bxc4 36. Bxd4 exd4 37. Rc6 Qa5 38. Rxc4 Re8 39. b4 Qa2 40. Rc2 Qb3 0-1

[Event "Omis op"]
[Site "Omis"]
[Date "2003.01.08"]
[Round "2"]
[White "Jelic, Neven"]
[Black "Susak, Zeljko"]
[Result "1/2-1/2"]
[WhiteElo "2108"]
[BlackElo "2196"]
[PlyCount "60"]
[EventDate "2003.??.??"]
[EventType "swiss"]
[EventRounds "7"]
[EventCountry "CRO"]
[SourceTitle "EXT 2005"]
[Source "ChessBase"]
[SourceDate "2004.11.15"]
[SourceVersion "1"]
[SourceVersionDate "2004.11.15"]
[SourceQuality "1"]

1. e4 c5 2. Nf3 Nc6 3. d3 g6 4. g3 Bg7 5. Bg2 d6 6. 0-0 e6 7. c3 Nge7 8. Be3 0-0 9. Qc1 b6 10. Bh6 Ba6 11. Rd1 Ne5 12. Bxg7 Kxg7 13. Ne1 Rc8 14. f4 Ng4 15. h3 Nh6 16. Nd2 f5 17. Ndf3 Nf7 18. Qe3 Qc7 19. Bf1 e5 20. Ng2 d5 21. fxe5 dxe4 22. dxe4 Bxf1 23. Rxf1 Nxe5 24. Nxe5 Qxe5 25. exf5 Qxe3+ 26. Nxe3 Nxf5 27. Nxf5+ gxf5 28. Rad1 Rc7 29. Rd5 Rcf7 30. Rf4 Kg6 1/2-1/2

[Event "Cannes op"]
[Site "Cannes"]
[Date "2000.02.22"]
[Round "3"]
[White "Henrichsen, Jens"]
[Black "Jelic, Neven"]
[Result "1/2-1/2"]
[WhiteElo "2067"]
[BlackElo "2118"]
[PlyCount "37"]
[EventDate "2000.02.20"]
[EventType "swiss"]
[EventRounds "9"]
[EventCountry "FRA"]
[SourceTitle "EXT 2001"]
[Source "ChessBase"]
[SourceDate "2000.11.22"]
[SourceVersion "1"]
[SourceVersionDate "2000.11.22"]
[SourceQuality "1"]

1. d4 Nf6 2. c4 g6 3. Nc3 Bg7 4. e4 d6 5. Be2 Nbd7 6. Nf3 e5 7. 0-0 0-0 8. Qc2 c6 9. Rd1 Qc7 10. Rb1 exd4 11. Nxd4 Nc5 12. b4 Ne6 13. Be3 a5 14. bxa5 Nxd4 15. Bxd4 Qxa5 16. Bb6 Qe5 17. Bd4 Qa5 18. Bb6 Qe5 19. Bd4 1/2-1/2

[Event "Budapest FS09 Elo"]
[Site "Budapest"]
[Date "1999.??.??"]
[Round "6"]
[White "Berczes, Csaba"]
[Black "Jelic, Neven"]
[Result "1/2-1/2"]
[WhiteElo "2115"]
[BlackElo "2095"]
[PlyCount "128"]
[EventDate "1999.??.??"]
[EventType "tourn"]
[EventRounds "9"]
[EventCountry "HUN"]
[SourceTitle "EXT 2000"]
[Source "ChessBase"]
[SourceDate "1999.11.16"]
[SourceVersion "1"]
[SourceVersionDate "1999.11.16"]
[SourceQuality "1"]

1. e4 c5 2. Nf3 Nc6 3. d4 cxd4 4. Nxd4 Nf6 5. Nc3 e5 6. Ndb5 d6 7. Bg5 a6 8. Bxf6 gxf6 9. Na3 b5 10. Nd5 Bg7 11. c3 0-0 12. Bd3 Ne7 13. Nc2 Nxd5 14. exd5 f5 15. 0-0 Qh4 16. f4 e4 17. Be2 Bd7 18. Nb4 Qd8 19. Kh1 Qb6 20. a4 bxa4 21. Ra2 Rfb8 22. Qd2 a5 23. Nc2 Qc5 24. Na3 Rb7 25. Bc4 Rab8 26. Qf2 Qc7 27. Rfa1 Kf8 28. Rd1 Bf6 29. Re1 h5 30. Rd1 Ke7 31. Re1 Qd8 32. Rd1 h4 33. Re1 Qh8 34. Rd1 Kf8 35. Rc1 Bd8 36. Qe2 Ke7 37. Rd1 Qh6 38. Rf1 Kf6 39. Qd2 Ke7 40. Qe2 Kf8 41. Qd2 Qf6 42. Qe2 Bc7 43. Qd2 Bd8 44. Qe2 Qh8 45. Qd2 Bf6 46. Qe2 Ke7 47. Rd1 Qd8 48. Ba6 Rb6 49. Bc4 Qc7 50. Re1 Qb7 51. Qf1 Qc7 52. Qf2 Kf8 53. Rc1 Ke7 54. Re1 Qd8 55. Rc1 Qh8 56. Qe2 Kf8 57. Qf2 Be7 58. Qe2 Qf6 59. Qf2 Bd8 60. Qe2 Kg7 61. Qf2 Qh6 62. Rf1 R8b7 63. Qe2 Bf6 64. Qf2 Qh8 1/2-1/2

[Event "Budapest FS09 Elo"]
[Site "Budapest"]
[Date "1999.??.??"]
[Round "2"]
[White "Broehl, Stephan"]
[Black "Jelic, Neven"]
[Result "1/2-1/2"]
[WhiteElo "2195"]
[BlackElo "2095"]
[PlyCount "154"]
[EventDate "1999.??.??"]
[EventType "tourn"]
[EventRounds "9"]
[EventCountry "HUN"]
[SourceTitle "EXT 2000"]
[Source "ChessBase"]
[SourceDate "1999.11.16"]
[SourceVersion "1"]
[SourceVersionDate "1999.11.16"]
[SourceQuality "1"]

1. e4 c5 2. Nc3 Nc6 3. Nf3 Nf6 4. Bb5 d6 5. e5 Nd7 6. exd6 exd6 7. 0-0 Be7 8. d4 a6 9. Bd3 Nf6 10. d5 Nb8 11. h3 b5 12. Bg5 0-0 13. Rb1 b4 14. Bxf6 Bxf6 15. Ne4 Be7 16. c3 a5 17. Qd2 Nd7 18. Ng3 Nf6 19. Rfe1 Re8 20. Re2 Bd7 21. Rbe1 Bf8 22. Rxe8 Bxe8 23. Nf5 Bd7 24. N3h4 Bxf5 25. Nxf5 Qd7 26. Qg5 Re8 27. Rxe8 Qxe8 28. cxb4 axb4 29. Qe3 Qd7 30. Qf3 g6 31. Ne3 Ne8 32. Qe2 Nf6 33. Bb5 Qa7 34. Qc4 Bh6 35. Nc2 Kg7 36. a4 bxa3 37. bxa3 Qa5 38. Qd3 Nxd5 39. a4 Nf4 40. Qxd6 Qc3 41. Ne3 Ne6 42. Qd3 Qe1+ 43. Qf1 Qa5 44. Ng4 Bd2 45. Qe2 Qc3 46. Qe5+ Qxe5 47. Nxe5 Bf4 48. Nd7 Bd2 49. Kf1 Bb4 50. Ke2 Nf4+ 51. Kf3 g5 52. h4 f6 53. hxg5 fxg5 54. g3 Ne6 55. Ke4 Nd4 56. Kd5 Be1 57. Nxc5 Bxf2 58. Bd3 Nf3 59. Ne4 Be1 60. g4 h6 61. Nd6 Nh4 62. Nc4 Ng2 63. Be4 Nf4+ 64. Kc6 h5 65. gxh5 Nxh5 66. Ne5 Kf6 67. Nd3 Bc3 68. Kb5 Nf4 69. Nb4 Ke5 70. Bb7 Bxb4 71. Kxb4 Kd6 72. Kb5 Kc7 73. Be4 Ne6 74. Kc4 Kb6 75. Kd5 Ka5 76. Bc2 g4 77. Ke4 g3 1/2-1/2

[Event "Budapest FS09 Elo"]
[Site "Budapest"]
[Date "1999.??.??"]
[Round "8"]
[White "Sirokmany, Gabor"]
[Black "Jelic, Neven"]
[Result "0-1"]
[WhiteElo "2155"]
[BlackElo "2095"]
[PlyCount "76"]
[EventDate "1999.??.??"]
[EventType "tourn"]
[EventRounds "9"]
[EventCountry "HUN"]
[SourceTitle "EXT 2000"]
[Source "ChessBase"]
[SourceDate "1999.11.16"]
[SourceVersion "1"]
[SourceVersionDate "1999.11.16"]
[SourceQuality "1"]

1. e4 c5 2. Nf3 Nc6 3. d4 cxd4 4. Nxd4 Nf6 5. Nc3 e5 6. Ndb5 d6 7. Nd5 Nxd5 8. exd5 Ne7 9. c3 Ng6 10. a4 Be7 11. Be2 0-0 12. 0-0 a6 13. Na3 Bg5 14. Nc4 Bxc1 15. Rxc1 Nf4 16. Kh1 Bf5 17. g3 Be4+ 18. Bf3 Bxf3+ 19. Qxf3 Ng6 20. Qe3 b5 21. Nb6 Rb8 22. a5 f5 23. f4 Re8 24. Qd3 e4 25. Qe3 Ne7 26. c4 Nc8 27. Nxc8 Rxc8 28. c5 dxc5 29. Rxc5 Qxa5 30. d6 Rxc5 31. Qxc5 Qd2 32. Qc6 Rd8 33. Qxa6 e3 34. Qb6 Rxd6 35. Qxb5 h6 36. Qe8+ Kh7 37. Qe5 Rd5 38. Qc3 e2 0-1

[Event "Pula PCA op"]
[Site "Pula"]
[Date "1994.??.??"]
[Round "?"]
[White "Kruppa, Yuri"]
[Black "Jelic, Neven"]
[Result "1-0"]
[WhiteElo "2505"]
[BlackElo "2100"]
[PlyCount "79"]
[EventDate "1994.10.??"]
[EventType "swiss"]
[EventRounds "9"]
[EventCountry "CRO"]
[SourceTitle "EXT 1997"]
[Source "ChessBase"]
[SourceDate "1996.11.15"]
[SourceVersion "1"]
[SourceVersionDate "1996.11.15"]
[SourceQuality "1"]

1. e4 c5 2. Nf3 Nc6 3. d4 cxd4 4. Nxd4 Nf6 5. Nc3 e5 6. Ndb5 d6 7. Bg5 a6 8. Na3 b5 9. Bxf6 gxf6 10. Nd5 Bg7 11. c3 0-0 12. Nc2 f5 13. exf5 Bxf5 14. Nce3 Bd7 15. Bd3 f5 16. Bc2 e4 17. Qh5 Ne5 18. 0-0 Ng6 19. f4 Ne7 20. Bb3 Kh8 21. Kh1 Nxd5 22. Bxd5 Ra7 23. g4 Be8 24. Qh3 fxg4 25. Qxg4 Bd7 26. Be6 Bxe6 27. Qxe6 Re7 28. Qd5 Qd7 29. Qh5 Rf6 30. Rad1 Rh6 31. Qf5 Qe8 32. Rd2 Ree6 33. Rg2 Ref6 34. Qd5 Rh5 35. Qb7 Rf7 36. Qxa6 Be5 37. fxe5 Rxf1+ 38. Nxf1 Rf5 39. Ne3 Rf3 40. Qxd6 1-0